Feedback in second language writing contexts and issues

Salvato in:
Dettagli Bibliografici
Altri autori: Hyland, Ken, Hyland, Fiona
Natura: Libro
Lingua:inglese
Pubblicazione: New York Cambridge University Press 2006
Serie:Cambridge applied linguistics
Soggetti:
Tags: Aggiungi Tag
Nessun Tag, puoi essere il primo ad aggiungerne!!

MARC

LEADER 00000nam a2200000 4500
001 0191446
005 20240104135425.5
020 |a 978-0-521-67258-0 
020 |a 0-521-67258-9 
041 0 |a eng 
044 |a US 
245 1 0 |a Feedback in second language writing  |b contexts and issues  |c edited by Ken Hyland, Fiona Hyland 
264 1 |a New York  |b Cambridge University Press  |c 2006 
300 |a xvi, 291 s. 
490 1 |a Cambridge applied linguistics 
830 0 |a Cambridge applied linguistics 
610 2 0 |a jazyky cudzie 
610 2 0 |a vzdelávanie 
610 2 0 |a vyučovanie 
700 1 |a Hyland, Ken 
700 1 |a Hyland, Fiona